000 00773nam a2200217Ia 4500
003 GCL
008 140319s9999 xx 000 0 ara d
040 _aGCL /
_cGCL
082 0 4 _a953.121
_bع ب
100 1 _aعمر الفاروق محمود فراج
245 1 0 _aبيت الله الحرام مكة المكرمة :
_bالمسيرة التاريخية /
_cعمر الفاروق محمود فراج
250 _aالاولى
260 _aالقاهرة :
_bعمر الفاروق محمود فراج ،
_c2003
300 _a197 ص ؛
_c20 سم
650 0 4 _aمكة المكرمة
650 0 4 _aالاماكن المقدسة
650 0 4 _aالمسجد الحرام
650 0 4 _aفتح مكة
650 0 4 _aمكة المكرمة - تاريخ
942 _2ddc
_cBK
999 _c5983
_d5983